Primary education-- at a hinge of history? (Record no. 31328)
[ view plain ]
| 000 -LEADER | |
|---|---|
| fixed length control field | 01352nam a2200349 a 4500 |
| 100 1# - MAIN ENTRY--AUTHOR NAME | |
| Personal name | Richards, Colin. |
| 245 10 - TITLE STATEMENT | |
| Title | Primary education-- at a hinge of history? |
| 260 ## - PUBLICATION, DISTRIBUTION, ETC. (IMPRINT) | |
| Place of publication | London ; |
| -- | New York : |
| Name of publisher | Falmer Press, |
| Year of publication | 2003. |
| 300 ## - PHYSICAL DESCRIPTION | |
| Number of Pages | viii, 150 p. |
| 490 1# - SERIES STATEMENT | |
| Series statement | Primary directions series |
| 650 #0 - SUBJECT ADDED ENTRY--TOPICAL TERM | |
| Topical Term | Education, Elementary |
| Topical Term | Educational planning |
| 856 40 - ELECTRONIC LOCATION AND ACCESS | |
| Uniform Resource Identifier | http://site.ebrary.com/lib/rucke/Doc?id=10070606 |
No items available.
